000 00398nam a2200181Ia 4500
001 374
005 20260306140513.0
008 260306t2009||||xx |||||||||||||| ||spa||
041 _aESP
082 _a110
_bF75A
100 _aForment, Edualdo
_eAUT
245 0 _aMetafĂ­sica
260 _c2009
300 _a318 páginas :
_c22 cm.
650 _aGEN
654 _aCHU
942 _cLIB
_dJUS
_fJUS
_2ddc
_n
999 _c374
_d374